[Event "Molde Spring"]
[Site "Molde"]
[Date "2010.04.06"]
[Round "8"]
[White "Bryn, Thomas"]
[Black "Farstad, Gudmund"]
[Result "1-0"]
[WhiteElo "1951"]
[BlackElo "1713"]
[PlyCount "135"]
[EventDate "2010.02.02"]
[EventType "tourn"]
[EventRounds "11"]
[EventCountry "NOR"]
[SourceTitle "EXT 2024"]
[Source "ChessBase"]
[SourceDate "2023.10.10"]
[SourceVersion "1"]
[SourceVersionDate "2023.10.10"]
[SourceQuality "1"]

1. d4 d5 2. c4 Nc6 3. Nc3 dxc4 4. Nf3 Nf6 5. Bg5 h6 6. Bxf6 exf6 7. e3 Be7 8. Bxc4 0-0 9. 0-0 Bg4 10. Qe2 Qd7 11. Rad1 Rad8 12. Ne4 Qc8 13. Ng3 Bd6 14. Bd3 Rfe8 15. Bb1 Bxg3 16. hxg3 Nxd4 17. Rxd4 Rxd4 18. Qc2 Rd6 19. Qh7+ Kf8 20. Nh4 Ke7 21. Bf5 Bxf5 22. Nxf5+ Kd7 23. Nxd6 Kxd6 24. Qxg7 Ke7 25. Rd1 Rg8 26. Qxh6 Rg6 27. Qh3 Qe6 28. Qh8 Qc6 29. Qd8+ Ke6 30. Qc8+ Ke7 31. e4 Rg5 32. Qd8+ Ke6 33. Qd4 Re5 34. f3 Qc5 35. Qxc5 Rxc5 36. Rd2 f5 37. exf5+ Kxf5 38. Kf2 Rc4 39. Rd5+ Ke6 40. Rd2 Ke5 41. Re2+ Kf5 42. g4+ Kg6 43. Kg3 b5 44. f4 c5 45. Rd2 a5 46. g5 a4 47. Rd6+ Kg7 48. f5 Rc2 49. Rd7 Kg8 50. Rd8+ Kh7 51. g6+ Kg7 52. Rd7 a3 53. Rxf7+ Kg8 54. bxa3 Rc3+ 55. Kf4 Rxa3 56. Rc7 c4 57. f6 Ra8 58. Ke4 Rd8 59. Rb7 Rc8 60. Kf5 c3 61. Rg7+ Kf8 62. Rh7 Ke8 63. Rh8+ Kd7 64. Rxc8 Kxc8 65. g7 c2 66. g8Q+ Kb7 67. Qg5 b4 68. Qd2 1-0

[Event "Molde Spring"]
[Site "Molde"]
[Date "2010.03.30"]
[Round "7"]
[White "Bryn, Thomas"]
[Black "Mogstad, Ola P"]
[Result "1-0"]
[WhiteElo "1951"]
[BlackElo "1917"]
[PlyCount "131"]
[EventDate "2010.02.02"]
[EventType "tourn"]
[EventRounds "11"]
[EventCountry "NOR"]
[SourceTitle "EXT 2024"]
[Source "ChessBase"]
[SourceDate "2023.10.10"]
[SourceVersion "1"]
[SourceVersionDate "2023.10.10"]
[SourceQuality "1"]

1. d4 d5 2. c4 c6 3. Nf3 Nf6 4. e3 e6 5. b3 Bd6 6. Bb2 a6 7. Nbd2 b6 8. Bd3 Bb7 9. 0-0 Qe7 10. e4 dxe4 11. Nxe4 Nxe4 12. Bxe4 0-0 13. Re1 Rd8 14. Qc2 h6 15. Rad1 Nd7 16. d5 cxd5 17. cxd5 Rac8 18. Qd2 Bb4 19. d6 Bxd6 20. Bxb7 Ne5 21. Nxe5 Bxe5 22. Bxc8 Rxd2 23. Rxd2 Bxh2+ 24. Kxh2 Qc7+ 25. Kg1 Qxc8 26. Rc1 Qf8 27. Rd3 Qb4 28. Rg3 g5 29. Rd3 Kh7 30. Rf3 f5 31. Rc7+ Kg6 32. Rg7+ Kh5 33. Rh3+ Kg4 34. f3+ Kf4 35. Rc7 b5 36. Rd7 Qe1+ 37. Kh2 g4 38. Rd4+ Kg5 39. fxg4 fxg4 40. Rg3 h5 41. Bc3 Qe2 42. Bd2+ Kf6 43. Rd6 Qf2 44. Bc3+ Kf5 45. Rd2 Qf4 46. Rd7 Kg6 47. Rg7+ Kh6 48. Rd7 Qb8 49. Bf6 Kg6 50. Bh4 Qe5 51. Rdd3 a5 52. Kh1 Qe1+ 53. Kh2 Qe5 54. Kh1 Qa1+ 55. Kh2 Qxa2 56. Rge3 Kf5 57. Rc3 Qa3 58. Bg3 Qe7 59. Re5+ Kg6 60. Rcc5 h4 61. Bf4 h3 62. gxh3 gxh3 63. Rg5+ Kf6 64. Rxb5 Qa3 65. Be5+ Kxg5 66. Bb2+ 1-0

[Event "Molde CC-ch"]
[Site "Molde"]
[Date "2009.09.15"]
[Round "1"]
[White "Bentsen, Hakon"]
[Black "Bryn, Thomas"]
[Result "1-0"]
[WhiteElo "2094"]
[BlackElo "1952"]
[PlyCount "69"]
[EventDate "2009.09.15"]
[EventType "swiss"]
[EventRounds "6"]
[EventCountry "NOR"]
[SourceTitle "EXT 2024"]
[Source "ChessBase"]
[SourceDate "2023.10.10"]
[SourceVersion "1"]
[SourceVersionDate "2023.10.10"]
[SourceQuality "1"]

1. e4 c5 2. Nf3 Nc6 3. d4 cxd4 4. Nxd4 e6 5. Nc3 Qc7 6. Be2 a6 7. 0-0 Nf6 8. Kh1 Bb4 9. f3 Bxc3 10. bxc3 d5 11. Bd3 e5 12. Ne2 Be6 13. Bg5 0-0-0 14. Qb1 Na5 15. Qb4 Nc4 16. Rab1 Rd7 17. Rfd1 dxe4 18. fxe4 Ng4 19. Rf1 h6 20. Bc1 Rhd8 21. h3 Nf6 22. Ng3 Rxd3 23. cxd3 Rxd3 24. Qf8+ Qd8 25. Qxg7 Rxg3 26. Qxg3 Nxe4 27. Qf3 Bd5 28. Qg4+ Kb8 29. Bxh6 Ned2 30. Bxd2 Nxd2 31. Qe2 Qg5 32. Rfd1 Nxb1 33. Rxd5 Nxc3 34. Qxe5+ Qxe5 35. Rxe5 1-0

[Event "Budapest FS08 FM-B"]
[Site "Budapest"]
[Date "2009.08.01"]
[Round "1"]
[White "Bryn, Thomas"]
[Black "Borda, Lajos"]
[Result "0-1"]
[WhiteElo "2024"]
[BlackElo "2070"]
[PlyCount "78"]
[EventDate "2009.08.01"]
[EventType "tourn"]
[EventRounds "11"]
[EventCountry "HUN"]
[SourceTitle "CBM 131 Extra"]
[Source "ChessBase"]
[SourceDate "2009.09.03"]
[SourceVersion "2"]
[SourceVersionDate "2009.09.16"]
[SourceQuality "1"]

1. d4 Nf6 2. c4 g6 3. Nc3 Bg7 4. e4 d6 5. f4 0-0 6. Nf3 c5 7. d5 e6 8. Be2 exd5 9. cxd5 b5 10. e5 Nfd7 11. 0-0 a6 12. a4 b4 13. Ne4 dxe5 14. fxe5 Nxe5 15. Bg5 f6 16. Be3 Re8 17. Qd2 Ng4 18. d6 Nxe3 19. Qxe3 Kh8 20. Qf4 Nd7 21. Qh4 Bb7 22. Bd3 c4 23. Bb1 Bd5 24. Rd1 Bg8 25. Ned2 f5 26. Ng5 Bxb2 27. Ra2 Bf6 28. Ndf3 Ne5 29. Qh6 b3 30. Rad2 c3 31. Rd5 Ng4 32. Qh4 c2 33. Rc1 cxb1Q 34. Rxb1 h6 35. d7 Bxd5 36. dxe8Q+ Qxe8 37. h3 Qe3+ 38. Kh1 Bxf3 39. hxg4 Bxg5 0-1

[Event "Molde Spring"]
[Site "Molde"]
[Date "2009.03.19"]
[Round "4"]
[White "Sandum, Kjell Tore"]
[Black "Bryn, Thomas"]
[Result "0-1"]
[WhiteElo "1912"]
[BlackElo "1951"]
[PlyCount "70"]
[EventDate "2009.01.22"]
[EventType "swiss"]
[EventRounds "6"]
[EventCountry "NOR"]
[SourceTitle "EXT 2024"]
[Source "ChessBase"]
[SourceDate "2023.10.10"]
[SourceVersion "1"]
[SourceVersionDate "2023.10.10"]
[SourceQuality "1"]

1. d4 Nf6 2. Nf3 d5 3. c4 c6 4. e3 Bf5 5. Bd3 Bxd3 6. Qxd3 e6 7. 0-0 Nbd7 8. Nc3 Bd6 9. e4 dxc4 10. Qxc4 e5 11. Bg5 h6 12. Bh4 0-0 13. Rad1 Qa5 14. Bxf6 Nxf6 15. dxe5 Bxe5 16. Nxe5 Qxe5 17. Qd4 Qh5 18. f3 Rfd8 19. Qxd8+ Rxd8 20. Rxd8+ Kh7 21. Rfd1 Qc5+ 22. Kf1 b5 23. Ne2 Qe5 24. Nd4 c5 25. Nxb5 Qxb2 26. a4 Qb3 27. Rc1 Qxa4 28. Rxc5 a5 29. Nd6 Qa1+ 30. Ke2 a4 31. Rc2 Qg1 32. Kd3 Nh5 33. g3 Qd1+ 34. Rd2 Qxf3+ 35. Kd4 Qf6+ 0-1

[Event "Molde Spring"]
[Site "Molde"]
[Date "2009.02.05"]
[Round "2"]
[White "Farstad, Gudmund"]
[Black "Bryn, Thomas"]
[Result "0-1"]
[WhiteElo "1796"]
[BlackElo "1951"]
[PlyCount "64"]
[EventDate "2009.01.22"]
[EventType "swiss"]
[EventRounds "6"]
[EventCountry "NOR"]
[SourceTitle "EXT 2024"]
[Source "ChessBase"]
[SourceDate "2023.10.10"]
[SourceVersion "1"]
[SourceVersionDate "2023.10.10"]
[SourceQuality "1"]

1. e4 e5 2. Nf3 Nc6 3. Bc4 Nf6 4. Ng5 d5 5. exd5 Na5 6. Bb5+ c6 7. dxc6 bxc6 8. Bd3 h6 9. Ne4 Nd5 10. 0-0 Be7 11. Re1 0-0 12. Ng3 f5 13. Nc3 Bd6 14. Bf1 Qf6 15. d3 Nb7 16. Nce2 c5 17. Kh1 Nd8 18. Ng1 Bb7 19. Be2 Ne6 20. c3 Rab8 21. Nf3 g5 22. Bf1 g4 23. Ng1 Rf7 24. f3 h5 25. Be2 h4 26. Nxf5 gxf3 27. Nxf3 Qxf5 28. Nxh4 Qf2 29. Nf3 Ndf4 30. Bxf4 Nxf4 31. Bf1 Nh3 32. Be2 Qg1+ 0-1

[Event "Molde Spring"]
[Site "Molde"]
[Date "2009.01.22"]
[Round "1"]
[White "Bryn, Thomas"]
[Black "Sigerset, Magnar"]
[Result "1-0"]
[WhiteElo "1951"]
[BlackElo "1366"]
[PlyCount "67"]
[EventDate "2009.01.22"]
[EventType "swiss"]
[EventRounds "6"]
[EventCountry "NOR"]
[SourceTitle "EXT 2024"]
[Source "ChessBase"]
[SourceDate "2023.10.10"]
[SourceVersion "1"]
[SourceVersionDate "2023.10.10"]
[SourceQuality "1"]

1. d4 Nf6 2. c4 e5 3. dxe5 Ne4 4. Nf3 Bb4+ 5. Nbd2 Nc6 6. a3 Bxd2+ 7. Nxd2 Nxd2 8. Bxd2 Nxe5 9. Bc3 f6 10. e3 d6 11. Qh5+ g6 12. Qh4 0-0 13. 0-0-0 Be6 14. Qd4 Nc6 15. Qd2 Qe7 16. h4 Ne5 17. h5 Bxc4 18. f4 Bxf1 19. fxe5 fxe5 20. hxg6 Bc4 21. Rxh7 Qg5 22. Rxc7 b5 23. Rxc4 bxc4 24. Qxd6 Qxe3+ 25. Bd2 Qb6 26. Qd5+ Kg7 27. Bc3 Qe3+ 28. Kb1 Kxg6 29. Bxe5 Rae8 30. Qd6+ Kg5 31. Bg7 Qe4+ 32. Ka1 Qe6 33. Bxf8 Qxd6 34. Bxd6 1-0

[Event "Gjovik op"]
[Site "Gjovik"]
[Date "2008.12.29"]
[Round "1"]
[White "Bryn, Thomas"]
[Black "Sofrigin, Alexej"]
[Result "0-1"]
[WhiteElo "2025"]
[BlackElo "2252"]
[PlyCount "40"]
[EventDate "2008.12.29"]
[EventType "swiss"]
[EventRounds "9"]
[EventCountry "NOR"]
[SourceTitle "CBM 130 Extra"]
[Source "ChessBase"]
[SourceDate "2009.07.02"]
[SourceVersion "2"]
[SourceVersionDate "2009.07.15"]
[SourceQuality "1"]

1. d4 Nf6 2. Nf3 g6 3. c4 c5 4. d5 b5 5. cxb5 a6 6. b6 d6 7. Nc3 Nbd7 8. e4 Bg7 9. Bd3 0-0 10. 0-0 Nxb6 11. h3 e6 12. dxe6 fxe6 13. e5 dxe5 14. Be3 Bb7 15. Ng5 Re8 16. Bxc5 Nbd5 17. Nge4 Nxc3 18. Nxc3 Qc7 19. Ba3 Qc6 20. Qf3 e4 0-1

[Event "Molde CC-ch"]
[Site "Molde"]
[Date "2008.11.13"]
[Round "6"]
[White "Sandum, Kjell Tore"]
[Black "Bryn, Thomas"]
[Result "0-1"]
[WhiteElo "1916"]
[BlackElo "1925"]
[PlyCount "88"]
[EventDate "2008.09.04"]
[EventType "swiss"]
[EventRounds "6"]
[EventCountry "NOR"]
[SourceTitle "EXT 2024"]
[Source "ChessBase"]
[SourceDate "2023.10.10"]
[SourceVersion "1"]
[SourceVersionDate "2023.10.10"]
[SourceQuality "1"]

1. d4 d5 2. Nf3 Nf6 3. c4 c6 4. cxd5 cxd5 5. Nc3 Nc6 6. Bf4 Nh5 7. Bd2 g6 8. e3 Bg7 9. Bd3 0-0 10. 0-0 f5 11. Rc1 Nf6 12. Kh1 h6 13. Nh4 Qe8 14. f4 Be6 15. Nf3 Ne4 16. Bb5 Rc8 17. Ne5 Bxe5 18. fxe5 a6 19. Nxe4 dxe4 20. Bxc6 Rxc6 21. b3 Bd5 22. Kg1 g5 23. Rxc6 Bxc6 24. Bb4 Qf7 25. g3 Qe6 26. Rf2 Rf7 27. Qh5 Rg7 28. Rc2 f4 29. Bd2 f3 30. Be1 g4 31. Kf2 Kf8 32. d5 Bxd5 33. Bb4 Rg5 34. Qh4 Bc6 35. Rd2 Kg7 36. h3 gxh3 37. Kg1 Qxe5 38. Kh2 Qf5 39. Bc3+ Kg6 40. Rd8 f2 41. Rg8+ Kf7 42. Rxg5 hxg5 43. Qh5+ Ke6 44. g4 Qf3 0-1

[Event "Bergen Sommer op-A"]
[Site "Bergen"]
[Date "2007.08.10"]
[Round "6"]
[White "Tjoelsen, Katrine"]
[Black "Bryn, Thomas"]
[Result "1/2-1/2"]
[WhiteElo "1953"]
[BlackElo "1952"]
[PlyCount "33"]
[EventDate "2007.08.05"]
[EventType "swiss"]
[EventRounds "6"]
[EventCountry "NOR"]
[SourceTitle "CBM 119 Extra"]
[Source "ChessBase"]
[SourceDate "2007.09.04"]
[SourceVersion "1"]
[SourceVersionDate "2007.09.04"]
[SourceQuality "1"]

1. Nf3 d5 2. d4 Nf6 3. c4 e6 4. e3 c5 5. Nc3 Nc6 6. Be2 dxc4 7. Bxc4 Be7 8. 0-0 0-0 9. a3 a6 10. dxc5 Qxd1 11. Rxd1 Bxc5 12. b4 Be7 13. Bb2 b5 14. Bb3 Bb7 15. Nd4 Rfd8 16. Nce2 Nxd4 17. Nxd4 1/2-1/2

[Event "Berlin Unicorn op"]
[Site "Berlin"]
[Date "2007.05.19"]
[Round "6"]
[White "Bryn, Thomas"]
[Black "Nogatz, Falco"]
[Result "1-0"]
[WhiteElo "2032"]
[BlackElo "1635"]
[PlyCount "77"]
[EventDate "2007.05.16"]
[EventType "swiss"]
[EventRounds "7"]
[EventCountry "GER"]
[SourceTitle "CBM 118 Extra"]
[Source "ChessBase"]
[SourceDate "2007.07.04"]
[SourceVersion "1"]
[SourceVersionDate "2007.07.04"]
[SourceQuality "1"]

1. c4 f5 2. g3 Nf6 3. Bg2 g6 4. Nf3 Bg7 5. 0-0 c6 6. d4 0-0 7. b3 d6 8. Bb2 e5 9. dxe5 Ng4 10. Nbd2 Nxe5 11. Qc2 Nbd7 12. Rad1 Qc7 13. Rfe1 f4 14. Ne4 fxg3 15. hxg3 Nxf3+ 16. exf3 Nf6 17. Nxd6 a5 18. Re2 a4 19. c5 Nd5 20. Ne8 Bf5 21. Nxc7 Bxc2 22. Rxd5 cxd5 23. Bxg7 Kxg7 24. Ne6+ Kf7 25. Nxf8 axb3 26. axb3 Ra1+ 27. Kh2 Bd1 28. Re1 Kxf8 29. Bf1 Rb1 30. Bd3 Rxb3 31. Rxd1 Rc3 32. Bf1 Rxc5 33. Rb1 Rc7 34. Rb6 Rd7 35. f4 Kf7 36. Kg2 Ke7 37. Kf3 Kd8 38. Bb5 Kc7 39. Rxb7+ 1-0

[Event "NOR-chB"]
[Site "Moss"]
[Date "2006.07.12"]
[Round "6"]
[White "Bryn, Thomas"]
[Black "Stanford, Sheila Barth"]
[Result "0-1"]
[WhiteElo "1926"]
[BlackElo "2180"]
[PlyCount "102"]
[EventDate "2006.07.08"]
[EventType "swiss"]
[EventRounds "9"]
[EventCountry "NOR"]
[SourceTitle "EXT 2007"]
[Source "ChessBase"]
[SourceDate "2006.11.23"]
[SourceVersion "1"]
[SourceVersionDate "2006.11.23"]
[SourceQuality "1"]

1. e4 e5 2. Nf3 Nc6 3. Bb5 a6 4. Ba4 f5 5. d4 fxe4 6. Nxe5 Nf6 7. 0-0 Bd6 8. Nc3 Bxe5 9. dxe5 Nxe5 10. Nxe4 0-0 11. Bb3+ Kh8 12. Bg5 d6 13. Bxf6 gxf6 14. Qh5 d5 15. f4 Ng4 16. Ng3 c6 17. Rae1 Qb6+ 18. Kh1 Ne3 19. c3 Bg4 20. Qh6 Rf7 21. Rg1 Rg8 22. h3 Nf5 23. Nxf5 Bxf5 24. Qh5 Bg6 25. Qf3 Rfg7 26. f5 Bf7 27. Qf4 d4 28. Qh6 Bxb3 29. axb3 dxc3 30. bxc3 Qxb3 31. Qxf6 Qf7 32. Qe5 h6 33. Qe6 Kh7 34. f6 Qxe6 35. Rxe6 Rf7 36. Rf1 Kg6 37. Rb1 Rd8 38. Re7 Rd7 39. Rxd7 Rxd7 40. Rf1 Rf7 41. Ra1 Rxf6 42. Rb1 b5 43. Ra1 c5 44. Kg1 b4 45. cxb4 cxb4 46. Rb1 a5 47. Ra1 Rf5 48. g4 Rb5 49. h4 b3 50. Kf2 b2 51. Rb1 a4 0-1

[Event "Tromsoe Midnight Sun"]
[Site "Tromsoe"]
[Date "2006.06.30"]
[Round "7"]
[White "Forsaa, Espen"]
[Black "Bryn, Thomas"]
[Result "1-0"]
[WhiteElo "2065"]
[BlackElo "1994"]
[PlyCount "81"]
[EventDate "2006.06.24"]
[EventType "swiss"]
[EventRounds "9"]
[EventCountry "NOR"]
[SourceTitle "CBM 112 Extra"]
[Source "ChessBase"]
[SourceDate "2006.07.14"]
[SourceVersion "1"]
[SourceVersionDate "2006.07.14"]
[SourceQuality "1"]

1. Nc3 Nf6 2. d4 d5 3. Bg5 Nbd7 4. e3 e6 5. Qf3 Be7 6. 0-0-0 0-0 7. h4 c5 8. g4 a6 9. Bxf6 Bxf6 10. g5 Be7 11. dxc5 Nxc5 12. e4 Nxe4 13. Nxe4 dxe4 14. Qxe4 Qc7 15. Bd3 g6 16. Nf3 b5 17. h5 Bb7 18. Qg4 Bxf3 19. Qxf3 Bxg5+ 20. Kb1 Qe5 21. hxg6 hxg6 22. Qh3 Kg7 23. Rde1 Qc7 24. Qh7+ Kf6 25. f4 Bxf4 26. Qh4+ g5 27. Qg4 Rh8 28. Bh7 Rac8 29. Rxe6+ fxe6 30. Rh6+ Kg7 31. Qxe6 Rxh7 32. Qg6+ Kf8 33. Rxh7 Qxh7 34. Qxh7 Rd8 35. a3 Rd6 36. Ka2 Ke8 37. Kb3 Kf8 38. a4 bxa4+ 39. Kxa4 Rd4+ 40. b4 Ke8 41. Qh8+ 1-0

[Event "NOR-ch op"]
[Site "Oslo"]
[Date "2006.04.12"]
[Round "5"]
[White "Carlsen, Ellen Oen"]
[Black "Bryn, Thomas"]
[Result "1-0"]
[WhiteElo "1895"]
[BlackElo "1994"]
[PlyCount "81"]
[EventDate "2006.04.08"]
[EventType "swiss"]
[EventRounds "9"]
[EventCountry "NOR"]
[SourceTitle "CBM 111 Extra"]
[Source "ChessBase"]
[SourceDate "2006.05.09"]
[SourceVersion "1"]
[SourceVersionDate "2006.05.09"]
[SourceQuality "1"]

1. e4 e5 2. Nf3 Nc6 3. Bb5 a6 4. Ba4 Nf6 5. 0-0 Be7 6. Re1 b5 7. Bb3 d6 8. c3 0-0 9. d4 Bg4 10. Be3 exd4 11. cxd4 Na5 12. Bc2 c5 13. h3 Bh5 14. Nbd2 cxd4 15. Bxd4 Nc6 16. Be3 d5 17. exd5 Nxd5 18. Rc1 Nxe3 19. Rxe3 Nd4 20. Rd3 Nxf3+ 21. Nxf3 Qb6 22. Rd5 Rad8 23. Bxh7+ Kxh7 24. Rxh5+ Kg8 25. Qc2 g6 26. Re5 Bf6 27. Rc5 Rd6 28. h4 Rfd8 29. b4 a5 30. a3 axb4 31. axb4 Bg7 32. h5 Qb7 33. hxg6 Rxg6 34. Qe2 Rd2 35. Qxd2 Qxf3 36. Rg5 Qf6 37. Rxg6 Qxg6 38. Qd5 Bh6 39. Rf1 Qb6 40. Qc5 Qa6 41. g3 1-0